Strong approximation of multiple Ito and Stratonovich stochastic integrals: multiple Fourier series approach (Запись № 3904540)

Подробности
000 -МАРКЕР
контрольное поле 01679nam0a2200349 4500
001 - ИДЕНТИФИКАТОР ЗАПИСИ
контрольное поле RU\NLR\b_ik\195109
005 - ИДЕНТИФИКАТОР ВЕРСИИ
контрольное поле 20250616231244.0
010 ## - МЕЖДУНАРОДНЫЙ СТАНДАРТНЫЙ НОМЕР КНИГИ (ISBN)
Номер (ISBN) 978-5-7422-3162-2
Тираж 200
021 ## - НОМЕР ГОСУДАРСТВЕННОЙ РЕГИСТРАЦИИ
Код страны российская федерация
Номер 2012-27633
Номер Листа государственной регистраци 2058
035 ## - ДРУГИЕ СИСТЕМНЫЕ НОМЕРА
Идентификатор записи (NLR Aleph) 002267519
100 ## - ДАННЫЕ ОБЩЕЙ ОБРАБОТКИ
Данные общей обработки 20120503d2011 |||y0rusy50 ca
101 0# - ЯЗЫК РЕСУРСА
Язык текста, звукозаписи и т.д. английский
102 ## - СТРАНА ПУБЛИКАЦИИ ИЛИ ПРОИЗВОДСТВА
Страна публикации российская федерация
105 ## - ПОЛЕ КОДИРОВАННЫХ ДАННЫХ: ТЕКСТОВЫЕ МАТЕРИАЛЫ, МОНОГРАФИЧЕСКИЕ
Кодированные данные о монографическом текстовом документе y |||||||||
200 1# - ЗАГЛАВИЕ И СВЕДЕНИЯ ОБ ОТВЕТСТВЕННОСТИ
Основное заглавие Strong approximation of multiple Ito and Stratonovich stochastic integrals: multiple Fourier series approach
Первые сведения об ответственности Dmitriy F. Kuznetzov
Последующие сведения об ответственности Min. of education and science of Russ. Federation, Saint.-Peterburg state polytechn. univ.
205 ## - СВЕДЕНИЯ ОБ ИЗДАНИИ
Сведения об издании [2nd ed.]
210 ## - ПУБЛИКАЦИЯ, РАСПРОСТРАНЕНИЕ И ДР.
Место издания, распространения и т.д. Saint-Petersburg
Имя издателя, распространителя и т. д. Politechnical university publishing house
Дата издания, распространения и т.д. 2011
215 ## - ФИЗИЧЕСКАЯ ХАРАКТЕРИСТИКА
Специфическое обозначение материала и объем 282 c.
Размеры 24
320 ## - ПРИМЕЧАНИЯ О НАЛИЧИИ В ДОКУМЕНТЕ БИБЛИОГРАФИИ / УКАЗАТЕЛЯ
Текст примечания Библиогр.: с. 280-282 (49 назв.)
606 1# - НАИМЕНОВАНИЕ ТЕМЫ КАК ПРЕДМЕТ
Наименование темы Ито стохастические уравнения
Тематический подзаголовок Аппроксимация
Системный номер авторитетной/нормативной записи 2090457
Идентификатор авторитетной/нормативной записи RU\NLR\auth\661568914
606 1# - НАИМЕНОВАНИЕ ТЕМЫ КАК ПРЕДМЕТ
Наименование темы Стохастические интегралы
Тематический подзаголовок Тейлора-Стратоновича разложения
Системный номер авторитетной/нормативной записи 2155807
Идентификатор авторитетной/нормативной записи RU\NLR\auth\661297848
606 1# - НАИМЕНОВАНИЕ ТЕМЫ КАК ПРЕДМЕТ
Наименование темы Аппроксимация рациональная рядами Фурье
Системный номер авторитетной/нормативной записи 2202122
Идентификатор авторитетной/нормативной записи RU\NLR\auth\661323240
686 ## - ИНДЕКСЫ ДРУГИХ КЛАССИФИКАЦИЙ
Индекс В192.162
686 ## - ИНДЕКСЫ ДРУГИХ КЛАССИФИКАЦИЙ
Индекс В192.147
700 #1 - ИМЯ ЛИЦА - ПЕРВИЧНАЯ ОТВЕТСТВЕННОСТЬ
Начальный элемент ввода Kuznecov
Часть имени, кроме начального элемента ввода D. F.
Расширение инициалов личного имени Dmitrij Feliksovič
Код отношения Автор
801 #0 - ИСТОЧНИК ЗАПИСИ
Страна российская федерация
Организация NLR
Дата составления 20120503
Правила каталогизации RCR
801 #1 - ИСТОЧНИК ЗАПИСИ
Страна российская федерация
Организация NLR
Дата составления 20120503
830 ## - ОБЩЕЕ ПРИМЕЧАНИЕ, СОСТАВЛЕННОЕ КАТАЛОГИЗАТОРОМ
Текст примечания Сильная аппроксимация множественных Ито и Стратоновича стохастических интергралов: подход кратных рядов Фурье
942 ## - ДОПОЛНИТЕЛЬНЫЕ ЭЛЕМЕНТЫ ЗАПИСИ (АБИС)
Тип экземпляра АБИС Книга
980 ## - КОЛЛЕКЦИЯ
Название коллекции Национальная библиография
Экземпляры
Тип экземпляра Дата поступления Источник поступления Библиотека постоянного хранения Библиотека текущего хранения Место хранения Шифр хранения Штрих-код Статус не для выдачи Публичное примечание Стоимость
Книга 03.05.2012 Обязательный экземпляр РНБ (Московский) РНБ (Московский) Иностранный книжный фонд Ик 2012-7/492 1101913   ;  
Книга 14.12.2015 Обязательный экземпляр РНБ (Садовая) РНБ (Садовая) Фонд международного книгообмена   1-1139804     300.00